[Event "Match"]
[Site "www.echecsemail.com"]
[Date "2017.09.11"]
[Round "1"]
[White "Whitekknight"]
[Black "Azorau"]
[WhiteElo "1940"]
[BlackElo "1860"]
[Result "1-0"]
[Round "1"]
1.e4 e5
2.d4 exd4
3.Ng1f3 c5
4.Bf1c4 h6
5.Nf3e5 Qd8b6
6.Bc4xf7 Kd8
7.Bf7b3 Kc7
8.Bc1f4 Bf8d6
9.Ne5c4 Qb6a6
10.Bf4xd6 Kd8
11.Nb1d2 b5
12.Nc4e5 Ke8
13.Qd1h5 Kd8
14.Ne5f7 Ke8
15.Nf7xh8 Kd8
16.Qh5f7 Qa6xd6
17.Qf7xg8 Kc7
18.Qg8xg7 c4
19.Nh8f7 Qd6e6
20.Qg7g3 Kb6
21.Bb3xc4 bxc4
22.Nf7d6 Kc6
23.Nd6xc8 Nb8a6
24.Qg3f3 Ra8xc8
25.O-O Kb6
26.Rf1e1 Na6b4
27.Re1c1 Rc8g8
28.a3 Nb4c6
29.Rc1e1 Qe6g6
30.Nd2xc4 Kb5
31.Qf3b3 Kc5
32.g3 h5
33.Nc4d2 Qg6e6
34.Qb3b7 Rg8b8
35.Nd2b3 Kd6
36.e5 Ke7
37.Qb7a6 h4
38.Qa6d3 Rb8g8
39.Nb3c5 Qe6d5
40.Qd3h7 Kf8
41.Nc5xd7 { resign }
1-0

[Event "Match"]
[Site "www.echecsemail.com"]
[Date "2017.09.11"]
[Round "1"]
[White "Hundegana"]
[Black "Heaven"]
[WhiteElo "1950"]
[BlackElo "1589"]
[Result "1-0"]
[Round "1"]
1.e4 e5
2.Bf1c4 g6
3.Ng1f3 d6
4.Nb1c3 Bc8g4
5.h3 Bg4xf3
6.Qd1xf3 Ng8f6
7.Nc3d5 Bf8g7
8.O-O Nb8d7
9.d3 O-O
10.Bc1g5 h6
11.Bg5xf6 Bg7xf6
12.a4 c6
13.Nd5xf6 Nd7xf6
14.b4 Kg7
15.g4 g5
16.b5 c5
17.Qf3g3 { resign }
1-0

[Event "Match"]
[Site "www.echecsemail.com"]
[Date "2017.09.11"]
[Round "1"]
[White "Chessnadja"]
[Black "Nimzo"]
[WhiteElo "2690"]
[BlackElo "2830"]
[Result "0-1"]
[Round "1"]
1.b3 e5
2.Bc1b2 Nb8c6
3.c4 g6
4.Ng1f3 Bf8g7
5.e3 d6
6.Bf1e2 Ng8f6
7.d4 Bc8f5
8.O-O O-O
9.Nf3h4 Bf5d7
10.d5 Nc6b8
11.Nh4f3 a5
12.Nb1c3 Nb8a6
13.Nf3d2 Nf6e8
14.a3 f5
15.Qd1c2 Ne8f6
16.h3 g5
17.Be2d3 e4
18.Bd3e2 h5
19.Nc3b5 Qd8e8
20.Bb2d4 Qe8g6
21.Ra1c1 Rf8f7
22.Kh1 Ra8e8
23.Qc2d1 Nf6g4
24.c5 Bg7xd4
25.c6 Bd4c5
26.cxd7 Rf7xd7
27.Nd2c4 Rd7h7
28.Rc1c2 f4
29.Nb5c3 Ng4f6
30.Nc4xa5 Bc5xa3
31.Nc3b5 f3
32.gxf3 Ba3c5
33.Na5xb7 Qg6f5
34.Kh2 exf3
35.Be2xf3 g4
36.Bf3g2 Rh7g7
37.Nb7xc5 Na6xc5
38.Kh1 gxh3
39.Bg2f3 h2
40.Bf3g2 Qf5g6
41.Bg2h3 Nf6g4
42.Bh3g2 Re8f8
43.Nb5d4 h4
44.f4 Ng4xe3
45.Qd1f3 Ne3xf1
 { time }
0-1

[Event "Match"]
[Site "www.echecsemail.com"]
[Date "2017.09.11"]
[Round "1"]
[White "Cjood"]
[Black "Biggles"]
[WhiteElo "2000"]
[BlackElo "2140"]
[Result "0-1"]
[Round "1"]
1.c4 e5
2.Nb1c3 Ng8f6
3.g3 Bf8e7
4.Bf1g2 c6
5.d3 O-O
6.Ng1f3 Qd8c7
7.e4 d6
8.Bc1e3 Bc8g4
9.h3 Bg4e6
10.b4 Nb8d7
11.a4 d5
12.c5 d4
13.Nf3xd4 exd4
14.Be3xd4 b6
15.cxb6 axb6
16.b5 cxb5
17.Nc3xb5 Qc7b8
18.f4 Be7b4
19.Kf1 Bb4c5
20.Bd4xc5 Nd7xc5
21.e5 Nf6d5
22.Kf2 Qb8d8
23.d4 Nc5a6
24.Qd1b1 Ra8c8
25.f5 Qd8g5
26.fxe6 fxe6
27.Ke2 Qg5e3
28.Kd1 Rf8f2
29.Ra1a2 Rf2xg2
30.Ra2xg2 Qe3f3
31.Ke1 Qf3xg2
32.Rh1f1 Nd5e3
{ resign }
0-1

[Event "Match"]
[Site "www.echecsemail.com"]
[Date "2017.09.11"]
[Round "1"]
[White "Cjood"]
[Black "Libiesse"]
[WhiteElo "1910"]
[BlackElo "1780"]
[Result "0-1"]
[Round "1"]
1.e4 c5
2.f4 e6
3.c4 Nb8c6
4.Ng1f3 g6
5.Nb1c3 Bf8g7
6.a3 a6
7.Qd1c2 Ng8e7
8.e5 O-O
9.d4 cxd4
10.Nc3e2 Ne7f5
11.g3 d6
12.g4 Nf5h4
13.Ne2xd4 Nh4xf3
14.Nd4xf3 dxe5
15.fxe5 Nc6xe5
16.Nf3xe5 Bg7xe5
17.Bc1h6 Rf8e8
18.Qc2e4 Qd8a5
19.b4 Be5c3
20.Bh6d2 Bc3xd2
21.Kxd2 Re8d8
22.Kc3 Qa5g5
23.Bf1d3 Qg5f6
24.Kb3 Rd8d4
25.Qe4e3 e5
26.Ra1f1 Qf6d6
27.h3 Rd4xd3
{ resign }
0-1

[Event "Match"]
[Site "www.echecsemail.com"]
[Date "2017.09.11"]
[Round "1"]
[White "Cjood"]
[Black "Calponas"]
[WhiteElo "2040"]
[BlackElo "2020"]
[Result "0-1"]
[Round "1"]
1.e4 e5
2.Ng1f3 Nb8c6
3.Bf1c4 Ng8f6
4.Nf3g5 d5
5.exd5 Nc6a5
6.Qd1e2 Na5xc4
7.Qe2xc4 Bf8d6
8.O-O h6
9.Ng5e4 Bc8f5
10.Qc4b5 Ke7
11.Ne4xd6 Qd8xd6
12.Qb5xb7 Nf6xd5
13.b3 Rh8b8
14.Bc1a3 Rb8xb7
15.Ba3xd6 cxd6
16.d3 Ra8c8
17.c4 Nd5b4
18.Nb1a3 Nb4xd3
19.g3 Nd3b4
20.Kg2 a6
21.Ra1e1 Bf5d3
22.Rf1h1 f5
23.Kh3 Kf6
24.Re1e3 e4
25.f3 Nb4xa2
26.fxe4 fxe4
27.Kg4 g6
28.Rh1d1 Na2b4
29.h4 d5
30.cxd5 Nb4xd5
31.Re3xd3 exd3
32.Rd1xd3 Rb7b4
33.Na3c4 Nd5e7
34.Rd3d6 Kf7
35.Rd6xa6 Rb4xc4
36.bxc4 Rc8xc4
37.Kh3 Rc4c3
38.Ra6a7 h5
39.Ra7d7 Ke6
40.Rd7d1 Ne7f5
41.Rd1g1 Ke5
42.Rg1g2 Ke4
43.Kh2 Kf3
44.Kh3 Rc3c1
45.Kh2 Nf5h6
46.Kh3 Rc1h1
47.Rg2h2 Rh1xh2
48.Kxh2 Nh6f5
49.Kh3 Nf5xg3
50.Kh2 Kg4
51.Kg2 Kxh4
52.Kh2 Kg4
53.Kg2 h4
54.Kh2 Kh5
55.Kh3 g5
56.Kg2 g4
57.Kh2 Kg5
58.Kg2 Kf4
59.Kh2 Kf3
60.Kg1 Ng3f5
61.Kh2 Kf2
62.Kh1 Nf5h6
63.Kh2 g3
64.Kh1 g2
{ resign }
0-1

[Event "Match"]
[Site "www.echecsemail.com"]
[Date "2017.09.11"]
[Round "1"]
[White "Bojan"]
[Black "Cjood"]
[WhiteElo "1990"]
[BlackElo "1990"]
[Result "1-0"]
[Round "1"]
1.e4 e5
2.Ng1f3 Nb8c6
3.Bf1c4 Ng8f6
4.Nf3g5 d5
5.exd5 Nc6a5
6.Bc4b5 c6
7.dxc6 bxc6
8.Bb5a4 Qd8d4
9.Nb1c3 Bf8c5
10.Qd1f3 Bc8b7
11.d3 Bc5b4
12.Bc1d2 Bb4xc3
13.Bd2xc3 Qd4xa4
14.b3 Qa4b5
15.Qf3g3 Nf6d7
16.a4 Qb5c5
17.Ng5e4 Qc5f8
18.Bc3xa5 f5
19.Ne4d2 f4
20.Qg3g4 Nd7f6
21.Qg4e6 Qf8e7
22.Qe6xe7 Kxe7
23.Ba5b4 Kf7
24.O-O Nf6d5
25.Bb4a5 Rh8e8
26.Rf1e1 Ra8c8
27.c4 Nd5f6
28.Nd2f3 Nf6d7
29.Ba5b4 c5
30.Bb4c3 Bb7xf3
31.gxf3 Rc8c6
32.Re1e2 Rc6e6
33.Ra1b1 Kf6
34.b4 a6
35.b5 axb5
36.cxb5 Nd7b6
37.Bc3e1 Nb6d5
38.a5 Nd5c7
39.Re2c2 Re8d8
40.Rc2xc5 Nc7e8
41.b6 Rd8xd3
42.b7 Rd3d8
43.Rc5c8 Rd8xc8
44.bxc8Q { resign }
1-0

[Event "Match"]
[Site "www.echecsemail.com"]
[Date "2017.09.11"]
[Round "1"]
[White "Cjood"]
[Black "Ericleo1980"]
[WhiteElo "1910"]
[BlackElo "2240"]
[Result "0-1"]
[Round "1"]
1.d4 d5
2.Nb1c3 Ng8f6
3.Bc1f4 Bc8f5
4.f3 e6
5.e4 dxe4
6.fxe4 Nf6xe4
7.Nc3b5 Nb8a6
8.g4 Qd8h4
9.Ke2 Bf5xg4
10.Ng1f3 Qh4f2
11.Kd3 Bg4xf3
12.Qd1e1 Na6b4
{ resign }
0-1

[Event "Match"]
[Site "www.echecsemail.com"]
[Date "2017.09.11"]
[Round "1"]
[White "Billyg"]
[Black "Carazo"]
[WhiteElo "1730"]
[BlackElo "1760"]
[Result "0-1"]
[Round "1"]
1.e4 e5
2.Ng1f3 Nb8c6
3.Bf1b5 Nc6d4
4.Nf3xd4 exd4
5.O-O b6
6.d3 Bc8b7
7.Qd1f3 c6
8.Bb5c4 d5
9.exd5 Ng8f6
10.Rf1e1 Bf8e7
11.Bc1f4 O-O
12.Bf4g5 b5
13.Bc4b3 c5
14.Nb1a3 a6
15.c4 Rf8e8
16.Bg5xf6 Be7xf6
17.Re1xe8 Qd8xe8
18.Na3c2 Bf6e5
19.Ra1e1 Qe8b8
20.cxb5 Be5xh2
21.Kh1 Bh2d6
22.Bb3a4 Qb8c7
23.bxa6 Bb7xa6
24.Nc2a3 Qc7a5
25.Qf3e2 Qa5xa4
26.Qe2e4 g6
27.Re1a1 Ra8e8
28.Qe4f3 Re8e7
29.g3 Qa4b4
30.Qf3g4 Qb4xb2
31.Na3c4 Qb2xa1
32.Kg2 Ba6xc4
33.Qg4c8 Kg7
34.dxc4 Qa1xa2
35.Qc8d8 Re7e2
36.Qd8xd6 Re2xf2
37.Kh3 Rf2h2
38.Kg4 Qa2e2
39.Kg5 Qe2e3
40.Qd6f4 Rh2h5
41.Kg4 f5
{ resign }
0-1

[Event "Match"]
[Site "www.echecsemail.com"]
[Date "2017.09.11"]
[Round "1"]
[White "Ketchuplover"]
[Black "Bjonil60"]
[WhiteElo "1930"]
[BlackElo "1460"]
[Result "1-0"]
[Round "1"]
1.d4 d5
2.Ng1f3 e6
3.Bc1f4 Qd8f6
4.Bf4xc7 Nb8d7
5.e3 g6
6.Nf3e5 Nd7xe5
7.Bc7xe5 Qf6g5
8.Be5xh8 f6
9.h4 Qg5h6
10.g3 f5
11.Bf1b5 Bc8d7
12.Bb5xd7 Kxd7
13.Bh8e5 Ng8e7
14.Nb1d2 b6
15.Qd1e2 a6
16.f4 b5
17.Nd2b3 Kc6
18.Qe2d2 Bf8g7
19.Qd2c3 Kb6
20.Qc3c7 
1-0

[Event "Match"]
[Site "www.echecsemail.com"]
[Date "2017.09.11"]
[Round "1"]
[White "Bstev"]
[Black "Cjood"]
[WhiteElo "2069"]
[BlackElo "1900"]
[Result "1-0"]
[Round "1"]
1.e4 c5
2.d4 e6
3.d5 exd5
4.exd5 Ng8f6
5.c4 Qd8e7
6.Bf1e2 g6
7.Ng1f3 d6
8.O-O Nf6e4
9.Rf1e1 Bc8f5
10.Be2d3 Nb8d7
11.Bd3xe4 Bf5xe4
12.Nf3g5 f5
13.f3 h6
14.Ng5e6 Nd7e5
15.fxe4 Kf7
16.exf5 gxf5
17.Qd1h5 Kg8
18.Qh5xf5 Bf8g7
19.Nb1d2 Qe7f6
20.Ne6xg7 Qf6xg7
21.Re1f1 Ra8f8
22.Qf5xf8 Qg7xf8
23.Rf1xf8 Kxf8
24.b3 Ke8
25.Nd2e4 Ke7
26.Bc1f4 h5
27.Bf4xe5 dxe5
28.Ne4xc5 b6
29.Nc5e4 { resign }
1-0

[Event "1/128 Finale"]
[Site "www.chess-mail.com"]
[Date "2017.09.11"]
[Round "1"]
[White "Hennie4820"]
[Black "Picifarkinca"]
[WhiteElo "2050"]
[BlackElo "1940"]
[Result "1-0"]
[Round "1"]
1.e4 e6
2.d4 b6
3.c4 Bf8b4
4.Bc1d2 Qd8e7
5.Nb1c3 Bc8b7
6.f3 a6
7.Ng1e2 d6
8.a3 Bb4xc3
9.Ne2xc3 Ng8f6
10.Bd2e3 Nb8d7
11.Qd1d2 h6
12.O-O-O c5
13.d5 e5
14.Bf1d3 O-O
15.g4 b5
16.cxb5 Nd7b6
17.h4 axb5
18.Bd3xb5 Qe7c7
19.g5 { resign }
1-0

[Event "Fast Game"]
[Site "www.echecsemail.com"]
[Date "2017.09.11"]
[Round "1"]
[White "Picifarkinca"]
[Black "Stevep84"]
[WhiteElo "1940"]
[BlackElo "1989"]
[Result "1/2-1/2"]
[Round "1"]
1.b3 e5
2.Bc1b2 Nb8c6
3.g3 d5
4.d3 Ng8f6
5.Bf1g2 Bc8f5
6.Nb1d2 Bf8c5
7.e3 Qd8d7
8.Ng1e2 O-O
9.O-O Rf8e8
10.Nd2f3 e4
11.Nf3d4 Nc6xd4
12.Ne2xd4 Bf5h3
13.a4 Bh3xg2
14.Kxg2 Bc5b6
15.a5 Bb6c5
16.Qd1d2 Bc5d6
17.b4 c5
18.bxc5 Bd6xc5
19.Nd4b3 Bc5e7
20.d4 Qd7b5
21.Bb2a3 Ra8c8
22.Rf1b1 Qb5c6
23.Nb3c5 b6
24.axb6 axb6
25.Nc5a4 Be7xa3
26.Ra1xa3 Qc6xc2
27.Qd2xc2 Rc8xc2
28.h3 h6
29.Na4xb6 Re8e7
30.Ra3a8 Kh7
31.Ra8c8 Rc2xc8
32.Nb6xc8 Re7c7
33.Nc8d6 Rc7d7
34.Nd6c8 { draw }
1/2-1/2

[Event "Tourn. n9501"]
[Site "www.chess-mail.com"]
[Date "2017.09.12"]
[Round "1"]
[White "Fantomas"]
[Black "Falcoale"]
[WhiteElo "2080"]
[BlackElo "2020"]
[Result "1-0"]
[Round "1"]
1.Ng1f3 c5
2.g3 Nb8c6
3.Bf1g2 e6
4.c4 b6
5.Nb1c3 a6
6.O-O Bc8b7
7.e3 Ng8f6
8.d4 cxd4
9.exd4 d5
10.Nf3e5 Nc6xe5
11.dxe5 Nf6d7
12.cxd5 Nd7xe5
13.dxe6 Bb7xg2
14.Kxg2 Qd8xd1
15.exf7 Kxf7
16.Rf1xd1 Bf8c5
17.Bc1f4 Ne5g6
18.Bf4d6 Bc5xd6
19.Rd1xd6 b5
20.Ra1d1 Ng6e5
21.f4 Ne5g4
22.Rd6d7 Ke8
23.Rd1d6 Rh8f8
24.Rd7xg7 Ng4e3
25.Kf3 Ne3f5
26.Rg7d7 Nf5xd6
27.Rd7xd6 Ke7
28.Rd6h6 Rf8f7
29.Nc3d5 Kf8
30.Ke4 Kg7
31.Rh6e6 a5
32.g4 Ra8c8
33.Nd5e3 Kf8
34.Ne3f5 Rc8c2
35.Re6b6 Rc2c4
36.Ke3 Rf7c7
37.Rb6xb5 a4
38.h4 Rc4c5
39.Rb5b4 Rc5c2
40.Rb4xa4 Rc2c1
41.Ra4a8 Kf7
42.Ra8h8 Ke6
43.Nf5d4 Kd5
44.Rh8d8 Kc4
45.b3 Kb4
46.a3 Kxa3
47.Nd4b5 Kxb3
48.Nb5xc7 Rc1xc7
49.Ke4 Rc7c1
50.Rd8h8 Rc1c4
51.Kf5 Rc4c5
52.Kf6 Rc5c6
53.Kg5 Kc4
54.Rh8xh7 Kd4
55.Rh7e7 Rc6c5
56.f5 Rc5c1
57.f6 { resign }
1-0

[Event "Tourn. n9454"]
[Site "www.chess-mail.com"]
[Date "2017.09.12"]
[Round "1"]
[White "Abuelo"]
[Black "Mitja"]
[WhiteElo "2180"]
[BlackElo "2040"]
[Result "1-0"]
[Round "1"]
1.e4 d5
2.exd5 Qd8xd5
3.Nb1c3 Qd5d8
4.Ng1f3 c6
5.d4 h6
6.Bf1d3 e6
7.a3 Ng8f6
8.h3 Bf8e7
9.O-O b6
10.Bc1e3 Bc8b7
11.Nc3e4 Nf6xe4
12.Bd3xe4 Nb8d7
13.c3 Nd7f6
14.Be4d3 Nf6d5
15.Qd1e2 Nd5xe3
16.Qe2xe3 c5
17.Bd3e4 Bb7xe4
18.Qe3xe4 cxd4
19.Ra1d1 O-O
20.Nf3xd4 Qd8c7
21.Nd4xe6 fxe6
22.Qe4xe6 Kh8
23.Rd1d7 Qc7c5
24.Qe6xe7 Qc5xe7
25.Rd7xe7 Kg8
26.Rf1e1 Rf8f7
27.g4 Rf7xe7
28.Re1xe7 a5
29.Re7b7 Ra8d8
30.Rb7xb6 Rd8d2
31.Kg2 g5
32.Kg3 Rd2d3
33.f3 Kg7
34.Rb6b5 Rd3d2
35.h4 gxh4
36.Kxh4 Rd2h2
37.Kg3 Rh2d2
38.Kf4 Kf6
39.Rb5b6 Kg7
40.Ke3 { resign }
1-0

[Event "Tourn. n9476"]
[Site "www.chess-mail.com"]
[Date "2017.09.12"]
[Round "1"]
[White "Passaroa25"]
[Black "Dussek"]
[WhiteElo "1670"]
[BlackElo "1850"]
[Result "1-0"]
[Round "1"]
1.e4 e6
2.c3 d5
3.f3 dxe4
4.fxe4 e5
5.Ng1e2 Ng8f6
6.Ne2g3 Nb8c6
7.Bf1e2 Bf8c5
8.Be2f3 O-O
9.d3 Bc8e6
10.Qd1e2 Qd8e7
11.Bc1e3 Bc5d6
12.Be3f2 Ra8d8
13.O-O Bd6c5
14.Bf2xc5 Qe7xc5
15.Qe2f2 Qc5b5
16.Nb1a3 Qb5xd3
17.Ra1d1 Qd3a6
18.Ng3f5 b6
19.Rd1a1 Rf8e8
20.g4 h6
21.Na3c2 Nf6h7
22.Nc2b4 Nc6xb4
23.cxb4 Be6c4
24.Rf1d1 Nh7g5
25.a3 Ng5h3
26.Kg2 Nh3f4
27.Kg3 Nf4d3
28.Qf2c2 Nd3f4
29.h4 Nf4d3
30.b3 Bc4e6
31.Qc2xc7 Be6xb3
32.Rd1d2 Rd8c8
33.Nf5e7 Re8xe7
34.Qc7xe7 { resign }
1-0

[Event "Tourn. n9415"]
[Site "www.chess-mail.com"]
[Date "2017.09.12"]
[Round "1"]
[White "Bjonil60"]
[Black "Osmundw"]
[WhiteElo "1540"]
[BlackElo "1430"]
[Result "1-0"]
[Round "1"]
1.Ng1f3 d6
2.d3 Nb8c6
3.Nb1c3 Nc6e5
4.Nf3xe5 dxe5
5.Bc1e3 Bc8f5
6.h3 g6
7.a3 e4
8.dxe4 Bf5e6
9.g3 Bf8g7
10.Be3f4 f5
11.g4 Qd8xd1
12.Nc3xd1 Ng8f6
13.f3 Ra8d8
14.gxf5 gxf5
15.e5 Nf6d5
16.Bf4d2 Bg7xe5
17.c3 Rh8g8
18.e3 b5
19.b4 Nd5xc3
20.Nd1xc3 Be5xc3
21.Bd2xc3 Be6c4
22.Bf1xc4 bxc4
23.Ke2 Rg8g2
24.Kf1 Rg2c2
25.Bc3e5 Rd8d3
26.Be5f4 e5
27.Bf4g5 h6
28.Bg5f6 Kf7
29.Bf6xe5 Rd3xe3
30.f4 Re3f3
31.Kg1 Rc2f2
32.Rh1h2 Rf2xh2
33.Kxh2 Rf3f2
34.Kg1 Rf2f3
35.h4 Rf3g3
36.Kh2 Rg3g4
37.h5 Rg4h4
38.Kg3 Rh4xh5
39.Ra1d1 Rh5g5
40.fxg5 hxg5
41.Rd1f1 Ke6
42.Rf1e1 f4
43.Be5xf4 Kf6
44.Bf4xc7 c3
45.Re1c1 Kf5
46.Rc1xc3 { resign }
1-0

[Event "Tourn. n9459"]
[Site "www.chess-mail.com"]
[Date "2017.09.12"]
[Round "1"]
[White "Cjood"]
[Black "Nulladies"]
[WhiteElo "1940"]
[BlackElo "1940"]
[Result "1-0"]
[Round "1"]
1.d4 Ng8f6
2.Bc1f4 e6
3.f3 c5
4.Nb1c3 Nf6h5
5.Bf4e5 Nb8c6
6.g4 Nc6xe5
7.dxe5 Qd8h4
8.Kd2 Nh5g3
9.Qd1e1 Qh4g5
10.e3 Ng3xh1
11.Ng1h3 Qg5xe5
12.Bf1g2 Qe5xh2
13.Qe1xh1 Qh2xh1
14.Bg2xh1 d5
15.Nc3b5 Kd7
16.Nh3g5 f6
17.Ng5xe6 Kc6
18.Nb5c7 Ra8b8
19.f4 Bc8xe6
20.Nc7xe6 g6
21.c4 Rb8e8
22.Bh1xd5 Kd6
23.e4 Re8xe6
24.Bd5xe6 Kxe6
25.Kd3 Bf8d6
26.f5 gxf5
27.exf5 Kd7
28.Ra1e1 Rh8e8
29.Re1h1 Re8e7
30.Rh1h6 Bd6e5
31.b3 Re7g7
32.Rh6h4 Kc6
33.Ke4 h6
34.Kf3 Rg7h7
35.Ke4 b5
36.cxb5 Kxb5
37.Kd5 Be5d4
38.a3 a5
39.Rh4h3 Rh7d7
40.Ke6 Rd7h7
41.Rh3h2 a4
42.bxa4 Kxa4
43.Rh2h3 Bd4b2
44.Kd5 Bb2xa3
45.Ke6 Ba3b2
46.Kd5 Kb4
47.Ke6 Kc4
48.Rh3h2 Bb2e5
49.Rh2c2 Kd4
50.Rc2d2 Kc4
51.Rd2d5 h5
52.g5 h4
53.g6 Rh7g7
54.Rd5d7 h3
55.Rd7xg7 h2
56.Rg7h7 { resign }
1-0

[Event "Tourn. n9523"]
[Site "www.chess-mail.com"]
[Date "2017.09.12"]
[Round "1"]
[White "Robinjut"]
[Black "Heaven"]
[WhiteElo "1670"]
[BlackElo "1639"]
[Result "1-0"]
[Round "1"]
1.e4 e5
2.Ng1f3 d6
3.h3 f6
4.Nb1c3 Bc8d7
5.a3 Ng8e7
6.d3 g6
7.Bf1e2 Bf8g7
8.O-O O-O
9.b4 Qd8e8
10.Bc1b2 Bd7a4
11.Qd1d2 { resign }
1-0

[Event "Tourn. n9498"]
[Site "www.chess-mail.com"]
[Date "2017.09.12"]
[Round "1"]
[White "Pachi"]
[Black "Heaven"]
[WhiteElo "1550"]
[BlackElo "1639"]
[Result "1-0"]
[Round "1"]
1.e4 e5
2.Ng1f3 Bf8d6
3.d4 f6
4.dxe5 Bd6xe5
5.Bf1c4 g6
6.Bc4xg8 Rh8xg8
7.c3 g5
8.g4 d6
9.Qd1d5 Rg8f8
10.h4 c6
11.Qd5c4 d5
12.Qc4a4 Bc8xg4
13.Nf3xe5 { resign }
1-0

[Event "Tourn. n9526"]
[Site "www.chess-mail.com"]
[Date "2017.09.12"]
[Round "1"]
[White "Bojan"]
[Black "Cjood"]
[WhiteElo "2000"]
[BlackElo "2010"]
[Result "1-0"]
[Round "1"]
1.e4 e5
2.Ng1f3 Nb8c6
3.c3 b6
4.Bf1b5 Bc8b7
5.d3 d6
6.Bc1e3 Bf8e7
7.d4 exd4
8.cxd4 d5
9.Nf3e5 Be7b4
10.Be3d2 Bb4xd2
11.Nb1xd2 Ng8e7
12.Qd1a4 Qd8d6
13.Ne5xc6 Bb7xc6
14.e5 Bc6xb5
15.Qa4xb5 Qd6c6
16.Qb5xc6 Ne7xc6
17.Nd2b3 O-O-O
18.Ra1c1 Nc6b4
19.Kd2 a5
20.a3 Nb4a6
21.Kd3 Rh8f8
22.f4 g6
23.g3 Kb7
24.Nb3d2 c5
25.Nd2f3 c4
26.Kc3 b5
27.Nf3g5 b4
28.Kc2 h6
29.Ng5h7 Rf8e8
30.Nh7f6 Re8e7
31.h4 b3
32.Kc3 h5
33.Rh1f1 Re7c7
34.f5 gxf5
35.Rf1xf5 Na6c5
36.dxc5 Rc7xc5
37.Rc1d1 Kc6
38.Rf5xh5 d4
39.Kd2 c3
40.Kd3 c2
41.Rd1c1 Rc5c3
42.Kd2 Rc3xg3
43.Rh5g5 Rg3h3
44.h5 d3
45.Nf6e4 Rh3h2
46.Kc3 d2
47.Ne4xd2 Rh2xd2
48.Kxb3 Rd8d3
49.Kc4 Rd3d4
50.Kc3 Kb5
51.b3 a4
52.e6 Kc6
53.Rc1xc2 Rd4d3
54.Kb2 Rd2xc2
55.Kxc2 Rd3xb3
56.exf7 Rb3f3
57.Rg5g7 Kd6
58.h6 Ke6
59.h7 { resign }
1-0

[Event "Tourn. n9484"]
[Site "www.chess-mail.com"]
[Date "2017.09.12"]
[Round "1"]
[White "Cal"]
[Black "Hansen"]
[WhiteElo "1640"]
[BlackElo "1560"]
[Result "1-0"]
[Round "1"]
1.Ng1f3 e6
2.e4 a6
3.a3 Ng8f6
4.Nb1c3 Nb8c6
5.d4 e5
6.d5 Nc6a7
7.Nf3xe5 d6
8.Ne5f3 h6
9.h3 g5
10.g4 Bf8g7
11.Bf1g2 h5
12.Bc1xg5 Qd8e7
13.Bg5xf6 Bg7xf6
14.Nf3h2 hxg4
15.Nh2xg4 Rh8g8
16.O-O Bf6xc3
17.bxc3 Na7b5
18.Qd1d3 Bc8xg4
19.hxg4 Rg8xg4
20.Qd3h3 Qe7xe4
21.Rf1e1 Kf8
22.Re1xe4 Rg4g5
23.Qh3h8 Rg5g8
24.Qh8h6 Rg8g7
25.Re4g4 { resign }
1-0

[Event "Tourn. n9480"]
[Site "www.chess-mail.com"]
[Date "2017.09.12"]
[Round "1"]
[White "Goofy"]
[Black "Mitja"]
[WhiteElo "2260"]
[BlackElo "2010"]
[Result "1-0"]
[Round "1"]
1.e4 d5
2.exd5 Qd8xd5
3.Nb1c3 Qd5d8
4.d4 h6
5.Ng1f3 e6
6.Bc1f4 c6
7.Bf1c4 Nb8d7
8.O-O Nd7b6
9.Bc4b3 Ng8f6
10.Rf1e1 Bf8e7
11.Qd1d2 Nf6d5
12.Nc3e4 Nd5xf4
13.Qd2xf4 Nb6d5
14.Qf4d2 Nd5f6
15.Ra1d1 Nf6xe4
16.Re1xe4 b6
17.Nf3e5 Bc8b7
18.Ne5xf7 Kxf7
19.Re4xe6 Ke8
20.Rd1e1 Rh8f8
21.Re6xe7 Qd8xe7
22.Re1xe7 Kxe7
23.Qd2e3 Kf6
24.Qe3e6 Kg5
25.Qe6e7 Kg6
26.Qe7xb7 Ra8e8
27.Qb7xc6 Kh7
28.Bb3e6 Kh8
29.d5 Kh7
30.c4 Re8e7
31.Qc6d6 Rf8e8
32.Qd6e5 Kh8
33.b4 Re7f7
34.c5 bxc5
35.bxc5 Rf7b7
36.g3 { resign }
1-0

[Event "Tourn. n9471"]
[Site "www.chess-mail.com"]
[Date "2017.09.12"]
[Round "1"]
[White "Faerieking"]
[Black "Tartan"]
[WhiteElo "2270"]
[BlackElo "2440"]
[Result "0-1"]
[Round "1"]
1.e4 c5
2.Ng1f3 e6
3.d4 cxd4
4.Nf3xd4 Nb8c6
5.Nd4b5 d6
6.c4 a6
7.Nb5c3 Ng8f6
8.Bf1e2 Bf8e7
9.O-O O-O
10.Bc1e3 b6
11.f4 Bc8b7
12.Be2f3 Qd8c7
13.b3 Rf8e8
14.g4 Nf6d7
15.g5 Nd7c5
16.Qd1e2 Nc6b4
17.Nb1a3 Ra8c8
18.Na3c2 Nb4xc2
19.Qe2xc2 b5
20.b4 Nc5d7
{ resign }
0-1

[Event "Match"]
[Site "www.echecsemail.com"]
[Date "2017.09.12"]
[Round "1"]
[White "Cjood"]
[Black "Andychesston"]
[WhiteElo "2110"]
[BlackElo "2080"]
[Result "0-1"]
[Round "1"]
1.f4 Nb8c6
2.e4 e5
3.d3 d6
4.f5 Ng8f6
5.Nb1c3 Bc8d7
6.Bf1e2 Bf8e7
7.Bc1d2 Nc6d4
8.Ng1f3 c5
9.b3 b5
10.Nf3xd4 cxd4
11.Nc3d5 Nf6xd5
12.exd5 Bd7xf5
13.O-O Bf5g6
14.c4 a6
15.cxb5 axb5
16.a4 bxa4
17.bxa4 O-O
18.a5 Ra8a6
19.h3 Qd8d7
20.Qd1a4 Qd7b7
21.Rf1b1 Qb7xd5
22.Be2f3 e4
23.dxe4 Bg6xe4
24.Bf3xe4 Qd5xe4
25.Rb1e1 Qe4d3
26.Ra1d1 Be7h4
27.Re1f1 Qd3e2
28.Qa4xd4 Bh4g3
29.Bd2c3 Bg3e5
30.Qd4d3 Qe2xd3
31.Rd1xd3 Be5xc3
32.Rd3xc3 Ra6xa5
33.Rf1c1 Rf8e8
34.Rc3c8 Kf8
35.Rc8xe8 Kxe8
36.Rc1c8 Ke7
37.g4 Ra5c5
38.Rc8g8 g6
39.Kg2 h5
40.Rg8g7 h4
41.Rg7h7 g5
42.Kf3 Ke6
43.Rh7h6 f6
44.Rh6h8 Rc5c3
45.Kg2 Rc3c7
46.Kf3 Rc7e7
47.Ke4 d5
48.Kd4 Kd6
49.Rh8h6 Re7e4
50.Kd3 Re4f4
51.Ke3 Ke5
52.Rh6h8 d4
{ resign }
0-1

[Event "Match"]
[Site "www.echecsemail.com"]
[Date "2017.09.12"]
[Round "1"]
[White "Cjood"]
[Black "Fangshuo"]
[WhiteElo "1930"]
[BlackElo "2040"]
[Result "0-1"]
[Round "1"]
1.Ng1f3 d5
2.g3 c5
3.c4 d4
4.e3 Nb8c6
5.exd4 cxd4
6.d3 e5
7.Qd1e2 f6
8.a3 Qd8a5
9.Bc1d2 Nc6b4
10.Bd2xb4 Bf8xb4
11.Nb1d2 Bc8g4
12.Bf1g2 Bb4xd2
13.Qe2xd2 Qa5xd2
14.Nf3xd2 f5
15.Bg2xb7 Ra8b8
16.Bb7c6 Kf8
17.h3 Bg4h5
18.b4 Ng8e7
19.Bc6g2 Kf7
20.f3 Rh8e8
21.O-O f4
22.g4 Bh5g6
23.Rf1e1 Ne7c6
24.b5 Nc6d8
25.h4 Bg6xd3
26.g5 Rb8c8
27.Ra1c1 Nd8b7
28.Bg2h3 Rc8c5
29.a4 Nb7d6
30.Nd2b3 Rc5xc4
31.Rc1xc4 Nd6xc4
32.Nb3c5 Bd3c2
33.Re1c1 d3
34.Bh3f5 d2
35.Rc1f1 Bc2xf5
36.Nc5b3 Bf5c2
37.Nb3xd2 Nc4xd2
38.Rf1f2 Re8d8
39.Kh2 Bc2xa4
{ resign }
0-1

[Event "Match"]
[Site "www.echecsemail.com"]
[Date "2017.09.12"]
[Round "1"]
[White "Karlgrocer"]
[Black "Heaven"]
[WhiteElo "2010"]
[BlackElo "1589"]
[Result "1-0"]
[Round "1"]
1.d4 e6
2.Ng1f3 b6
3.e3 d5
4.Bf1d3 g6
5.O-O Bf8d6
6.Nb1d2 Ng8e7
7.c4 O-O
8.a3 Bc8d7
9.b4 c5
10.bxc5 bxc5
11.Bc1b2 f6
12.cxd5 exd5
13.dxc5 Bd6xc5
14.Nf3d4 Bc5xd4
15.Bb2xd4 Nb8c6
16.Bd4c5 f5
17.Nd2f3 Rf8e8
18.Nf3d4 Nc6xd4
19.exd4 Ne7c6
20.Qd1b3 Bd7e6
21.Bd3b5 Qd8d7
22.Qb3a4 Re8c8
23.Rf1c1 a5
24.Rc1c2 Qd7e8
25.Bc5d6 Be6d7
26.Ra1c1 { resign }
1-0

[Event "Match"]
[Site "www.echecsemail.com"]
[Date "2017.09.12"]
[Round "1"]
[White "Geodad5"]
[Black "Cjood"]
[WhiteElo "2080"]
[BlackElo "1920"]
[Result "1/2-1/2"]
[Round "1"]
1.e4 Ng8f6
2.e5 Nf6d5
3.c4 Nd5f4
4.d4 Nf4g6
5.f4 d6
6.Ng1f3 dxe5
7.fxe5 Bc8g4
8.Bf1e2 Nb8c6
9.Bc1e3 e6
10.a3 Bg4xf3
11.Be2xf3 Qd8d7
12.Nb1c3 Bf8e7
13.Qd1d2 O-O-O
14.O-O-O Nc6a5
15.Qd2c2 Na5xc4
16.Be3f2 Be7g5
17.Kb1 Nc4b6
18.h4 Bg5e7
19.g3 Nb6c4
20.Ka2 Nc4a5
21.b4 Na5c4
22.Qc2b3 Nc4b6
23.h5 Ng6f8
24.d5 h6
25.Bf2xb6 cxb6
26.d6 Be7g5
27.Rd1d4 g6
28.Rd4c4 Kb8
29.Rc4c7 Qd7xc7
30.dxc7 Kxc7
31.Nc3b5 Kb8
32.Nb5d6 Rd8d7
33.Rh1h2 gxh5
34.Rh2c2 Nf8g6
35.Qb3c3 Ng6e7
36.Bf3xh5 Ne7c6
37.Bh5xf7 Rd7e7
38.Bf7h5 Rh8f8
39.Bh5f3 Re7c7
40.Bf3xc6 Rc7xc6
41.Qc3b3 a5
42.bxa5 Rc6xc2
43.Qb3xc2 Bg5e3
44.axb6 Rf8f2
45.Qc2xf2 Be3xf2
46.g4 Bf2xb6
47.Nd6f7 Bb6e3
48.Nf7d8 Kc7
49.Nd8xe6 Kd7
{ draw }
1/2-1/2

[Event "Match"]
[Site "www.echecsemail.com"]
[Date "2017.09.12"]
[Round "1"]
[White "Guidom"]
[Black "Cjood"]
[WhiteElo "2160"]
[BlackElo "1930"]
[Result "0-1"]
[Round "1"]
1.e4 b6
2.d4 g6
3.c3 Bc8b7
4.Bf1d3 Bf8g7
5.Ng1f3 e6
6.O-O d6
7.Bc1g5 Bg7f6
8.Bg5f4 g5
9.Bf4g3 g4
10.Nf3d2 h5
11.f4 gxf3
12.Nd2xf3 h4
13.Bg3f2 Ng8h6
14.h3 Rh8g8
15.Kh1 Nb8d7
16.Qd1d2 Nh6g4
17.hxg4 Rg8xg4
18.Nf3h2 Rg4g7
19.Qd2h6 Rg7g6
20.Qh6h5 Qd8e7
21.Nh2g4 Bf6g5
22.e5 O-O-O
23.Bd3xg6 fxg6
24.Qh5xg6 h3
25.Kg1 hxg2
26.Rf1e1 Rd8h8
27.Bf2e3 Rh8h1
28.Kf2 Bg5h4
29.Ke2 Rh1xe1
30.Kd2 Bb7f3
31.a4 g1Q
32.Be3xg1 Re1xg1
33.a5 Rg1xg4
34.Qg6d3 Qe7g5
35.Qd3e3 Rg4g2
36.Kd3 Bf3e2
{ resign }
0-1

[Event "Match"]
[Site "www.echecsemail.com"]
[Date "2017.09.12"]
[Round "1"]
[White "Heaven"]
[Black "Whitekknight"]
[WhiteElo "1499"]
[BlackElo "1920"]
[Result "0-1"]
[Round "1"]
1.d4 d5
2.e3 Bc8f5
3.f3 Ng8f6
4.b3 Nb8c6
5.Bf1b5 a6
6.Bb5xc6 bxc6
7.g4 Bf5c8
8.h3 e6
9.Ng1e2 Bf8e7
10.O-O O-O
11.Bc1d2 c5
12.dxc5 Be7xc5
13.Qd1c1 Bc8b7
14.c3 e5
15.b4 Bc5b6
16.Nb1a3 Ra8c8
17.Na3c2 e4
18.f4 h6
19.Nc2e1 Nf6h7
20.Ne1g2 Qd8d7
21.Qc1c2 g6
22.Kh1 f5
23.gxf5 Qd7xf5
24.Kh2 Bb7c6
25.Ng2h4 Qf5f6
26.Nh4g2 Bc6b5
27.Rf1f2 Bb5d7
28.Ra1f1 Qf6f5
29.Rf1h1 c6
30.Kg1 Qf5f6
{ resign }
0-1